|
|
|
|
| LEADER |
00000nam a2200000 a 4500 |
| 001 |
vtls009946888 |
| 003 |
SK-MaSNL |
| 005 |
20260301212410.0 |
| 008 |
090904s2009 xo o g f 001 0 slo |
| 015 |
|
|
|a SNBA2009/09-04908
|
| 020 |
|
|
|a 9788081071416 (viaz.)
|
| 040 |
|
|
|a SNK
|b slo
|c SNK
|e AACR2
|
| 041 |
0 |
|
|a slo
|
| 044 |
|
|
|a xo
|c SK
|
| 072 |
|
7 |
|a 59
|x Zoológia
|2 konspekt
|
| 080 |
|
|
|a 598.2
|2 2001
|
| 080 |
|
|
|a (084.12)
|2 2001
|
| 080 |
|
|
|a (035)
|2 2001
|
| 245 |
0 |
0 |
|a Vtáctvo
|b poznávame a určujeme : [kompaktne a informatívne]
|
| 250 |
|
|
|a 1. slov. vyd.
|
| 260 |
|
|
|a Bratislava
|b Svojtka & Co.
|c 2009
|
| 300 |
|
|
|a 128 s.
|b fareb. fotogr.
|c 20 cm
|
| 504 |
|
|
|a Reg.
|
| 650 |
0 |
7 |
|a vtáky
|2 SNKPH
|9 2762
|
| 655 |
|
7 |
|a fotografické publikácie
|2 SNKPH
|9 70483
|
| 655 |
|
7 |
|a príručky
|2 SNKPH
|9 74364
|
| 919 |
|
|
|a 978-80-8107-141-6
|
| 968 |
|
|
|d 56/59
|
| 999 |
|
|
|c 918021
|d 919951
|
| 952 |
|
|
|a SNK
|b SNK
|y PREZ
|7 0
|p 17A0630095
|o snkSD 78483
|i snk2009/15857
|8 0
|0 0
|1 0
|4 0
|d 2009-09-04
|l 0
|r 2025-11-26 00:00:00
|w 2026-02-24
|
| 952 |
|
|
|a SNK
|b SNK
|y VYP
|7 0
|p 17A0630094
|o snkSD 78483 D1
|i snk2009/15859
|8 0
|z Digitalizovaný
|0 0
|1 0
|4 0
|d 2009-09-04
|l 0
|r 2017-06-30 00:00:00
|w 2026-02-24
|